000 00406nam a2200157Ia 4500
003 SGT
082 _a5.73
_bHOR
100 _aHorowitz,Ellis
245 _aFundamentals of Data Structures
260 _bGalgotia Publications Pvt. Ltd.
_aN.Delhi
_c1976
300 _a564p.
650 _aCOMPUTER SCIENCE
653 _aARRAYS, STACKS AND QUEUES, LINKED LISTS
700 _aSahni,Sartaj
942 _2ddc
_cBK
_04
999 _c5158
_d5158